Statistics for Prime Numbers - One Minute Sprint

Click here to take the quiz!

General Stats

  • This quiz has been taken 90 times
  • The average score is 24 of 56

Answer Stats

#% Correct
2
100%
11
99%
3
99%
5
99%
7
99%
13
97%
17
97%
19
97%
23
97%
29
97%
31
97%
37
96%
41
96%
43
95%
47
95%
53
86%
59
82%
61
76%
67
69%
71
69%
73
66%
79
58%
83
55%
89
50%
97
45%
101
41%
103
36%
107
35%
109
34%
113
30%
127
24%
131
18%
137
18%
139
12%
149
8%
151
8%
157
7%
163
7%
167
5%
173
5%
179
3%
181
3%
191
3%
193
3%
197
3%
199
3%
211
3%
223
3%
227
3%
229
3%
233
3%
239
3%
241
3%
251
3%
257
3%
263
3%

Score Distribution

Percentile by Number Answered

Percent of People with Each Score

Your Score History

You have not taken this quiz